[Event "April 9 Early 2024"]
[Site "Chess.com"]
[Date "2024.04.09"]
[Round "6"]
[White "Tigran Mukhutdinov"]
[Black "Solberg, Joachim"]
[Result "1/2-1/2"]
[Board "92"]
[WhiteFideId "34108570"]
[BlackFideId "1502930"]
[WhiteTitle "FM"]
[BlackTitle "FM"]
[WhiteElo "2700"]
[BlackElo "2558"]
[WhiteTeam "RUS"]
[BlackTeam "NOR"]
[WhiteClock "0:00:39"]
[BlackClock "0:00:13"]
[Variant "Standard"]

1. Nf3 {[%clk 0:03:00]}  Nf6 {[%clk 0:02:58]} 2. g3 {[%clk 0:03:01]}  b6 {[%clk 0:02:58]} 3. Bg2 {[%clk 0:03:01]}  Bb7 {[%clk 0:02:59]} 4. O-O {[%clk 0:03:02]}  e6 {[%clk 0:02:59]} 5. c4 {[%clk 0:03:02]}  Be7 {[%clk 0:02:59]} 6. Nc3 {[%clk 0:02:58]}  O-O {[%clk 0:02:59]} 7. Qc2 {[%clk 0:02:59]}  d5 {[%clk 0:02:59]} 8. cxd5 {[%clk 0:02:57]}  exd5 {[%clk 0:02:59]} 9. d4 {[%clk 0:02:58]}  c5 {[%clk 0:02:59]} 10. Rd1 {[%clk 0:02:56]}  Nbd7 {[%clk 0:02:58]} 11. Bf4 {[%clk 0:02:52]}  Ne4 {[%clk 0:02:58]} 12. dxc5 {[%clk 0:02:49]}  Ndxc5 {[%clk 0:02:48]} 13. Nxe4 {[%clk 0:02:33]}  Nxe4 {[%clk 0:02:46]} 14. Nd4 {[%clk 0:02:32]}  Nc5 {[%clk 0:02:35]} 15. a3 {[%clk 0:02:23]}  Bf6 {[%clk 0:02:21]} 16. Be3 {[%clk 0:02:10]}  Ne6 {[%clk 0:02:16]} 17. Qd2 {[%clk 0:02:05]}  Rc8 {[%clk 0:02:12]} 18. Rac1 {[%clk 0:01:59]}  Nxd4 {[%clk 0:02:01]} 19. Bxd4 {[%clk 0:01:56]}  Qe7 {[%clk 0:01:48]} 20. e3 {[%clk 0:01:54]}  h6 {[%clk 0:01:36]} 21. Bh3 {[%clk 0:01:53]}  Rxc1 {[%clk 0:01:35]} 22. Rxc1 {[%clk 0:01:53]}  Bxd4 {[%clk 0:01:33]} 23. Qxd4 {[%clk 0:01:52]}  Rd8 {[%clk 0:01:32]} 24. Bg2 {[%clk 0:01:50]}  Kf8 {[%clk 0:01:21]} 25. h3 {[%clk 0:01:50]}  Bc8 {[%clk 0:01:10]} 26. Qf4 {[%clk 0:01:47]}  Be6 {[%clk 0:01:04]} 27. Rc7 {[%clk 0:01:45]}  Rd7 {[%clk 0:01:04]} 28. Rc6 {[%clk 0:01:43]}  Rd8 {[%clk 0:00:59]} 29. b4 {[%clk 0:01:37]}  Qd7 {[%clk 0:00:59]} 30. Rc7 {[%clk 0:01:36]}  Qa4 {[%clk 0:00:53]} 31. Bf3 {[%clk 0:01:33]}  Qxa3 {[%clk 0:00:47]} 32. Bh5 {[%clk 0:01:27]}  Qa1+ {[%clk 0:00:45]} 33. Kg2 {[%clk 0:01:26]}  Qf6 {[%clk 0:00:42]} 34. Qxf6 {[%clk 0:01:20]}  gxf6 {[%clk 0:00:42]} 35. Rxa7 {[%clk 0:01:20]}  d4 {[%clk 0:00:42]} 36. exd4 {[%clk 0:01:18]}  Rxd4 {[%clk 0:00:42]} 37. b5 {[%clk 0:01:18]}  Bd5+ {[%clk 0:00:27]} 38. Kh2 {[%clk 0:01:05]}  Rd2 {[%clk 0:00:24]} 39. Kg1 {[%clk 0:01:03]}  Rb2 {[%clk 0:00:20]} 40. Ra1 {[%clk 0:00:47]}  Rxb5 {[%clk 0:00:20]} 41. Be2 {[%clk 0:00:47]}  Rb2 {[%clk 0:00:19]} 42. Bd3 {[%clk 0:00:48]}  b5 {[%clk 0:00:19]} 43. g4 {[%clk 0:00:49]}  b4 {[%clk 0:00:18]} 44. Ra7 {[%clk 0:00:48]}  b3 {[%clk 0:00:18]} 45. Rd7 {[%clk 0:00:47]}  Be6 {[%clk 0:00:17]} 46. Rb7 {[%clk 0:00:47]}  Rd2 {[%clk 0:00:16]} 47. Be4 {[%clk 0:00:46]}  b2 {[%clk 0:00:17]} 48. f3 {[%clk 0:00:44]}  Bd5 {[%clk 0:00:16]} 49. Bxd5 {[%clk 0:00:44]}  Rd1+ {[%clk 0:00:16]} 50. Kg2 {[%clk 0:00:44]}  b1=Q {[%clk 0:00:16]} 51. Rxb1 {[%clk 0:00:45]}  Rxb1 {[%clk 0:00:16]} 52. Be4 {[%clk 0:00:45]}  Rb2+ {[%clk 0:00:16]} 53. Kg3 {[%clk 0:00:46]}  Kg7 {[%clk 0:00:16]} 54. Kh4 {[%clk 0:00:46]}  Rb5 {[%clk 0:00:17]} 55. Bf5 {[%clk 0:00:46]}  Rc5 {[%clk 0:00:17]} 56. Be4 {[%clk 0:00:46]}  h5 {[%clk 0:00:16]} 57. Bf5 {[%clk 0:00:45]}  hxg4 {[%clk 0:00:16]} 58. hxg4 {[%clk 0:00:46]}  Rc3 {[%clk 0:00:15]} 59. Be4 {[%clk 0:00:46]}  Kf8 {[%clk 0:00:15]} 60. Bd5 {[%clk 0:00:47]}  Ke7 {[%clk 0:00:15]} 61. Be4 {[%clk 0:00:47]}  Kd6 {[%clk 0:00:15]} 62. Kh5 {[%clk 0:00:48]}  Ke5 {[%clk 0:00:15]} 63. Kh4 {[%clk 0:00:40]}  f5 {[%clk 0:00:14]} 64. gxf5 {[%clk 0:00:38]}  f6 {[%clk 0:00:15]} 65. Kh5 {[%clk 0:00:38]}  Rc7 {[%clk 0:00:14]} 66. Kg6 {[%clk 0:00:38]}  Rc8 {[%clk 0:00:14]} 67. Bb1 {[%clk 0:00:37]}  Rg8+ {[%clk 0:00:14]} 68. Kf7 {[%clk 0:00:37]}  Rg3 {[%clk 0:00:14]} 69. Be4 {[%clk 0:00:37]}  Rxf3 {[%clk 0:00:12]} 70. Bxf3 {[%clk 0:00:37]}  Kxf5 {[%clk 0:00:12]} 71. Bd1 {[%clk 0:00:37]}  Ke5 {[%clk 0:00:12]} 72. Bc2 {[%clk 0:00:38]}  f5 {[%clk 0:00:13]} 73. Bxf5 {[%clk 0:00:39]} 1/2-1/2

[Event "April 9 Early 2024"]
[Site "Chess.com"]
[Date "2024.04.09"]
[Round "6"]
[White "Bolat, Inayat"]
[Black "Javakhadze, Zurab"]
[Result "0-1"]
[Board "94"]
[WhiteFideId "13733125"]
[BlackFideId "13603647"]
[WhiteTitle "FM"]
[BlackTitle "IM"]
[WhiteElo "2553"]
[BlackElo "2693"]
[WhiteTeam "KAZ"]
[BlackTeam "GEO"]
[WhiteClock "0:00:01"]
[BlackClock "0:00:17"]
[Variant "Standard"]

1. e4 {[%clk 0:03:00]}  c5 {[%clk 0:03:00]} 2. Nf3 {[%clk 0:02:56]}  d6 {[%clk 0:03:00]} 3. d4 {[%clk 0:02:52]}  cxd4 {[%clk 0:03:01]} 4. Nxd4 {[%clk 0:02:53]}  Nf6 {[%clk 0:03:02]} 5. Nc3 {[%clk 0:02:51]}  g6 {[%clk 0:03:02]} 6. Be3 {[%clk 0:02:49]}  Bg7 {[%clk 0:03:03]} 7. f3 {[%clk 0:02:49]}  a6 {[%clk 0:03:03]} 8. Qd2 {[%clk 0:02:49]}  Nbd7 {[%clk 0:03:04]} 9. O-O-O {[%clk 0:02:48]}  b5 {[%clk 0:03:04]} 10. g4 {[%clk 0:02:36]}  Bb7 {[%clk 0:03:04]} 11. h4 {[%clk 0:02:35]}  Ne5 {[%clk 0:03:03]} 12. h5 {[%clk 0:02:32]}  Rg8 {[%clk 0:03:03]} 13. hxg6 {[%clk 0:02:26]}  hxg6 {[%clk 0:03:04]} 14. g5 {[%clk 0:02:26]}  Nh5 {[%clk 0:03:03]} 15. f4 {[%clk 0:02:19]}  Ng4 {[%clk 0:02:58]} 16. Be2 {[%clk 0:02:19]}  Nxe3 {[%clk 0:02:52]} 17. Qxe3 {[%clk 0:02:19]}  Nxf4 {[%clk 0:02:44]} 18. Qxf4 {[%clk 0:01:43]}  e5 {[%clk 0:02:44]} 19. Qf2 {[%clk 0:01:28]}  Qxg5+ {[%clk 0:02:40]} 20. Kb1 {[%clk 0:01:28]}  exd4 {[%clk 0:02:40]} 21. Nd5 {[%clk 0:01:27]}  Bxd5 {[%clk 0:02:27]} 22. exd5 {[%clk 0:01:28]}  Qf6 {[%clk 0:02:27]} 23. Qe1 {[%clk 0:01:20]}  Kd7 {[%clk 0:02:08]} 24. Bg4+ {[%clk 0:01:15]}  Kd8 {[%clk 0:01:02]} 25. Qa5+ {[%clk 0:00:44]}  Ke8 {[%clk 0:01:02]} 26. Rde1+ {[%clk 0:00:45]}  Kf8 {[%clk 0:01:01]} 27. Rhf1 {[%clk 0:00:45]}  Qd8 {[%clk 0:00:59]} 28. Qxd8+ {[%clk 0:00:18]}  Rxd8 {[%clk 0:00:59]} 29. Be6 {[%clk 0:00:19]}  f6 {[%clk 0:00:49]} 30. Bxg8 {[%clk 0:00:19]}  Kxg8 {[%clk 0:00:50]} 31. Re7 {[%clk 0:00:18]}  Kf8 {[%clk 0:00:21]} 32. Ra7 {[%clk 0:00:16]}  g5 {[%clk 0:00:21]} 33. Rxa6 {[%clk 0:00:14]}  Kf7 {[%clk 0:00:21]} 34. Rb6 {[%clk 0:00:14]}  g4 {[%clk 0:00:20]} 35. Rxb5 {[%clk 0:00:13]}  Bh6 {[%clk 0:00:21]} 36. c3 {[%clk 0:00:11]}  Be3 {[%clk 0:00:16]} 37. cxd4 {[%clk 0:00:08]}  g3 {[%clk 0:00:16]} 38. Rb7+ {[%clk 0:00:05]}  Kg6 {[%clk 0:00:16]} 39. Rb3 {[%clk 0:00:05]}  g2 {[%clk 0:00:15]} 40. Re1 {[%clk 0:00:06]}  Bf2 {[%clk 0:00:14]} 41. Rc1 {[%clk 0:00:02]}  Rh8 {[%clk 0:00:11]} 42. Rd3 {[%clk 0:00:01]}  Rh1 {[%clk 0:00:11]} 43. Rdd1 {[%clk 0:00:01]}  Rxd1 {[%clk 0:00:12]} 44. Rxd1 {[%clk 0:00:01]}  g1=Q {[%clk 0:00:13]} 45. Rxg1+ {[%clk 0:00:02]}  Bxg1 {[%clk 0:00:14]} 46. Kc2 {[%clk 0:00:03]}  Bxd4 {[%clk 0:00:14]} 47. Kd3 {[%clk 0:00:04]}  Bxb2 {[%clk 0:00:15]} 48. a4 {[%clk 0:00:04]}  Ba3 {[%clk 0:00:15]} 49. a5 {[%clk 0:00:02]}  Bc5 {[%clk 0:00:16]} 50. Kc4 {[%clk 0:00:02]}  f5 {[%clk 0:00:16]} 51. a6 {[%clk 0:00:02]}  f4 {[%clk 0:00:16]} 52. Kb5 {[%clk 0:00:02]}  f3 {[%clk 0:00:17]} 53. Kc6 {[%clk 0:00:03]}  f2 {[%clk 0:00:17]} 54. a7 {[%clk 0:00:01]}  Bxa7 {[%clk 0:00:17]} 55. Kxd6 {[%clk 0:00:01]}  f1=Q {[%clk 0:00:18]} 56. Kc7 {[%clk 0:00:02]}  Qa6 {[%clk 0:00:18]} 57. d6 {[%clk 0:00:03]}  Qb6+ {[%clk 0:00:19]} 58. Kd7 {[%clk 0:00:03]}  Qb5+ {[%clk 0:00:19]} 59. Ke7 {[%clk 0:00:04]}  Bc5 {[%clk 0:00:18]} 60. Ke6 {[%clk 0:00:04]}  Qc6 {[%clk 0:00:18]} 61. Ke5 {[%clk 0:00:03]}  Qxd6+ {[%clk 0:00:18]} 62. Ke4 {[%clk 0:00:04]}  Qd4+ {[%clk 0:00:19]} 63. Kf3 {[%clk 0:00:04]}  Qe3+ {[%clk 0:00:19]} 64. Kg4 {[%clk 0:00:05]}  Qf2 {[%clk 0:00:16]} 65. Kh3 {[%clk 0:00:04]}  Qg1 {[%clk 0:00:16]} 66. Kh4 {[%clk 0:00:04]}  Bf2+ {[%clk 0:00:16]} 67. Kh3 {[%clk 0:00:01]}  Qg3# {[%clk 0:00:17]} 0-1

[Event "April 9 Early 2024"]
[Site "Chess.com"]
[Date "2024.04.09"]
[Round "6"]
[White "Kaliakhmet, Elnaz"]
[Black "Klymchuk, Andriy"]
[Result "1-0"]
[Board "95"]
[WhiteFideId "13730169"]
[BlackFideId "14140063"]
[WhiteTitle "WFM"]
[BlackTitle "FM"]
[WhiteElo "2550"]
[BlackElo "2690"]
[WhiteTeam "KAZ"]
[BlackTeam "UKR"]
[WhiteClock "0:00:35"]
[BlackClock "0:00:18"]
[Variant "Standard"]

1. e4 {[%clk 0:03:00]}  c5 {[%clk 0:02:59]} 2. Nf3 {[%clk 0:03:00]}  Nc6 {[%clk 0:02:59]} 3. d4 {[%clk 0:02:59]}  cxd4 {[%clk 0:02:59]} 4. Nxd4 {[%clk 0:03:00]}  g6 {[%clk 0:02:59]} 5. c4 {[%clk 0:02:58]}  Nf6 {[%clk 0:02:59]} 6. Nc3 {[%clk 0:02:58]}  d6 {[%clk 0:03:00]} 7. f3 {[%clk 0:02:55]}  Nxd4 {[%clk 0:02:57]} 8. Qxd4 {[%clk 0:02:54]}  Bg7 {[%clk 0:02:58]} 9. Be3 {[%clk 0:02:54]}  O-O {[%clk 0:02:58]} 10. Qd2 {[%clk 0:02:51]}  Be6 {[%clk 0:02:58]} 11. Rc1 {[%clk 0:02:48]}  Qa5 {[%clk 0:02:57]} 12. Nd5 {[%clk 0:02:45]}  Qxd2+ {[%clk 0:02:53]} 13. Kxd2 {[%clk 0:02:45]}  Bxd5 {[%clk 0:02:41]} 14. cxd5 {[%clk 0:02:38]}  Rfc8 {[%clk 0:02:38]} 15. Be2 {[%clk 0:02:34]}  Nd7 {[%clk 0:02:36]} 16. b3 {[%clk 0:02:31]}  Bb2 {[%clk 0:02:35]} 17. Rb1 {[%clk 0:02:20]}  Bc3+ {[%clk 0:02:34]} 18. Kd1 {[%clk 0:02:19]}  a5 {[%clk 0:02:30]} 19. a4 {[%clk 0:02:18]}  Rc7 {[%clk 0:02:21]} 20. Bb5 {[%clk 0:02:16]}  f5 {[%clk 0:01:45]} 21. Ke2 {[%clk 0:02:06]}  fxe4 {[%clk 0:01:41]} 22. fxe4 {[%clk 0:02:07]}  Be5 {[%clk 0:01:37]} 23. Rhc1 {[%clk 0:01:50]}  Nc5 {[%clk 0:01:30]} 24. Bxc5 {[%clk 0:01:40]}  Rxc5 {[%clk 0:01:27]} 25. Rxc5 {[%clk 0:01:39]}  dxc5 {[%clk 0:01:27]} 26. g3 {[%clk 0:01:39]}  h5 {[%clk 0:01:22]} 27. Rc1 {[%clk 0:01:38]}  b6 {[%clk 0:01:20]} 28. Rf1 {[%clk 0:01:30]}  Kg7 {[%clk 0:01:19]} 29. Bd7 {[%clk 0:01:27]}  Rh8 {[%clk 0:01:18]} 30. Be6 {[%clk 0:01:26]}  Rf8 {[%clk 0:00:48]} 31. Rxf8 {[%clk 0:01:25]}  Kxf8 {[%clk 0:00:49]} 32. Kf3 {[%clk 0:01:25]}  Kg7 {[%clk 0:00:47]} 33. h3 {[%clk 0:01:21]}  Kf6 {[%clk 0:00:46]} 34. Bd7 {[%clk 0:01:19]}  Kg5 {[%clk 0:00:43]} 35. Be6 {[%clk 0:01:14]}  b5 {[%clk 0:00:37]} 36. axb5 {[%clk 0:01:11]}  c4 {[%clk 0:00:37]} 37. bxc4 {[%clk 0:01:04]}  a4 {[%clk 0:00:35]} 38. c5 {[%clk 0:01:03]}  a3 {[%clk 0:00:35]} 39. d6 {[%clk 0:01:03]}  exd6 {[%clk 0:00:36]} 40. c6 {[%clk 0:01:03]}  d5 {[%clk 0:00:32]} 41. Bxd5 {[%clk 0:01:03]}  Bc7 {[%clk 0:00:32]} 42. e5 {[%clk 0:00:58]}  Kf5 {[%clk 0:00:32]} 43. e6 {[%clk 0:00:58]}  Kf6 {[%clk 0:00:32]} 44. Ke4 {[%clk 0:00:47]}  g5 {[%clk 0:00:29]} 45. g4 {[%clk 0:00:45]}  hxg4 {[%clk 0:00:26]} 46. hxg4 {[%clk 0:00:45]}  Bb6 {[%clk 0:00:26]} 47. Ba2 {[%clk 0:00:39]}  Ke7 {[%clk 0:00:20]} 48. Kf5 {[%clk 0:00:38]}  Be3 {[%clk 0:00:18]} 49. c7 {[%clk 0:00:35]} 1-0

[Event "April 9 Early 2024"]
[Site "Chess.com"]
[Date "2024.04.09"]
[Round "6"]
[White "Codrut-Constantin Florescu"]
[Black "Aliyev, Ravan"]
[Result "0-1"]
[Board "96"]
[WhiteFideId "1202200"]
[BlackFideId "13409980"]
[WhiteTitle "IM"]
[BlackTitle "FM"]
[WhiteElo "2549"]
[BlackElo "2689"]
[WhiteTeam "ROU"]
[BlackTeam "AZE"]
[WhiteClock "0:00:13"]
[BlackClock "0:00:03"]
[Variant "Standard"]

1. d4 {[%clk 0:02:57]}  e6 {[%clk 0:02:59]} 2. Nf3 {[%clk 0:02:57]}  Nf6 {[%clk 0:02:58]} 3. c4 {[%clk 0:02:57]}  d5 {[%clk 0:02:57]} 4. Nc3 {[%clk 0:02:56]}  Be7 {[%clk 0:02:58]} 5. Bf4 {[%clk 0:02:56]}  O-O {[%clk 0:02:58]} 6. e3 {[%clk 0:02:56]}  Nbd7 {[%clk 0:02:59]} 7. h3 {[%clk 0:02:54]}  c5 {[%clk 0:02:55]} 8. dxc5 {[%clk 0:02:54]}  Nxc5 {[%clk 0:02:54]} 9. cxd5 {[%clk 0:02:50]}  Nxd5 {[%clk 0:02:54]} 10. Nxd5 {[%clk 0:02:49]}  exd5 {[%clk 0:02:55]} 11. Be2 {[%clk 0:02:46]}  Ne6 {[%clk 0:02:46]} 12. Be5 {[%clk 0:02:45]}  Bb4+ {[%clk 0:02:46]} 13. Kf1 {[%clk 0:02:44]}  b6 {[%clk 0:02:33]} 14. Nd4 {[%clk 0:02:43]}  Bb7 {[%clk 0:02:31]} 15. Kg1 {[%clk 0:02:30]}  Rc8 {[%clk 0:02:28]} 16. Kh2 {[%clk 0:02:26]}  Bd6 {[%clk 0:02:27]} 17. Bxd6 {[%clk 0:02:23]}  Qxd6+ {[%clk 0:02:28]} 18. g3 {[%clk 0:02:23]}  Qe5 {[%clk 0:02:27]} 19. Bg4 {[%clk 0:02:21]}  Rc4 {[%clk 0:02:24]} 20. Re1 {[%clk 0:02:02]}  Rfc8 {[%clk 0:02:14]} 21. Qf3 {[%clk 0:01:54]}  g6 {[%clk 0:02:10]} 22. Bxe6 {[%clk 0:01:53]}  fxe6 {[%clk 0:02:09]} 23. Qf4 {[%clk 0:01:54]}  Qxf4 {[%clk 0:02:06]} 24. gxf4 {[%clk 0:01:53]}  Kf7 {[%clk 0:02:06]} 25. h4 {[%clk 0:01:53]}  Kf6 {[%clk 0:02:05]} 26. Kg3 {[%clk 0:01:53]}  a6 {[%clk 0:01:56]} 27. Rg1 {[%clk 0:01:52]}  b5 {[%clk 0:01:44]} 28. Kf3 {[%clk 0:01:52]}  b4 {[%clk 0:01:43]} 29. Rg5 {[%clk 0:01:49]}  R8c7 {[%clk 0:01:38]} 30. h5 {[%clk 0:01:49]}  Rc1 {[%clk 0:01:35]} 31. Rxc1 {[%clk 0:01:47]}  Rxc1 {[%clk 0:01:36]} 32. hxg6 {[%clk 0:01:47]}  hxg6 {[%clk 0:01:36]} 33. Re5 {[%clk 0:01:47]}  Bc8 {[%clk 0:01:36]} 34. Rg5 {[%clk 0:01:45]}  Rb1 {[%clk 0:01:33]} 35. b3 {[%clk 0:01:44]}  a5 {[%clk 0:01:23]} 36. Rg2 {[%clk 0:01:42]}  Ba6 {[%clk 0:01:23]} 37. Rh2 {[%clk 0:01:38]}  Bd3 {[%clk 0:01:22]} 38. Rh7 {[%clk 0:01:37]}  Be4+ {[%clk 0:01:22]} 39. Ke2 {[%clk 0:01:33]}  Rb2+ {[%clk 0:01:22]} 40. Ke1 {[%clk 0:01:33]}  Rb1+ {[%clk 0:01:06]} 41. Kd2 {[%clk 0:01:32]}  Rb2+ {[%clk 0:01:06]} 42. Ke1 {[%clk 0:01:32]}  Rxa2 {[%clk 0:01:00]} 43. f3 {[%clk 0:01:32]}  Bd3 {[%clk 0:00:52]} 44. Nc6 {[%clk 0:01:31]}  g5 {[%clk 0:00:51]} 45. Rh6+ {[%clk 0:01:26]}  Kg7 {[%clk 0:00:50]} 46. fxg5 {[%clk 0:01:18]}  Bf5 {[%clk 0:00:38]} 47. Nd4 {[%clk 0:01:10]}  Kf7 {[%clk 0:00:37]} 48. Nxf5 {[%clk 0:01:07]}  exf5 {[%clk 0:00:37]} 49. Rf6+ {[%clk 0:01:07]}  Ke7 {[%clk 0:00:38]} 50. Rxf5 {[%clk 0:01:08]}  Ke6 {[%clk 0:00:39]} 51. Rf8 {[%clk 0:01:03]}  Rg2 {[%clk 0:00:26]} 52. Ra8 {[%clk 0:00:56]}  d4 {[%clk 0:00:17]} 53. f4 {[%clk 0:00:54]}  dxe3 {[%clk 0:00:09]} 54. Rxa5 {[%clk 0:00:53]}  Rf2 {[%clk 0:00:10]} 55. Re5+ {[%clk 0:00:51]}  Kf7 {[%clk 0:00:08]} 56. Re4 {[%clk 0:00:51]}  Kg6 {[%clk 0:00:05]} 57. Rxb4 {[%clk 0:00:51]}  Kf5 {[%clk 0:00:06]} 58. Rd4 {[%clk 0:00:50]}  Kg4 {[%clk 0:00:05]} 59. g6 {[%clk 0:00:48]}  Kf3 {[%clk 0:00:06]} 60. Kd1 {[%clk 0:00:19]}  Rf1+ {[%clk 0:00:02]} 61. Kc2 {[%clk 0:00:18]}  e2 {[%clk 0:00:02]} 62. Rd3+ {[%clk 0:00:13]}  Kxf4 {[%clk 0:00:03]} 0-1

[Event "April 9 Early 2024"]
[Site "Chess.com"]
[Date "2024.04.09"]
[Round "6"]
[White "Ezat, Mohamed"]
[Black "Caspi, Israel"]
[Result "0-1"]
[Board "97"]
[WhiteFideId "10600906"]
[BlackFideId "2807394"]
[WhiteTitle "IM"]
[BlackTitle "GM"]
[WhiteElo "2542"]
[BlackElo "2685"]
[WhiteTeam "EGY"]
[BlackTeam "ISR"]
[WhiteClock "0:00:30"]
[BlackClock "0:01:40"]
[Variant "Standard"]

1. d4 {[%clk 0:03:00]}  Nf6 {[%clk 0:02:59]} 2. c4 {[%clk 0:03:00]}  c6 {[%clk 0:02:59]} 3. Nc3 {[%clk 0:02:59]}  d5 {[%clk 0:03:00]} 4. cxd5 {[%clk 0:03:00]}  cxd5 {[%clk 0:03:00]} 5. Bf4 {[%clk 0:03:00]}  a6 {[%clk 0:03:00]} 6. e3 {[%clk 0:03:01]}  Nc6 {[%clk 0:03:01]} 7. Bd3 {[%clk 0:03:01]}  g6 {[%clk 0:03:01]} 8. h3 {[%clk 0:02:59]}  Bg7 {[%clk 0:03:01]} 9. Nf3 {[%clk 0:02:59]}  O-O {[%clk 0:03:02]} 10. Rc1 {[%clk 0:02:59]}  Bf5 {[%clk 0:03:02]} 11. Bxf5 {[%clk 0:03:00]}  gxf5 {[%clk 0:03:03]} 12. g4 {[%clk 0:03:00]}  Qd7 {[%clk 0:02:56]} 13. Qd3 {[%clk 0:02:31]}  Ne4 {[%clk 0:02:51]} 14. gxf5 {[%clk 0:02:22]}  Qxf5 {[%clk 0:02:50]} 15. Rg1 {[%clk 0:02:21]}  Kh8 {[%clk 0:02:46]} 16. Rg5 {[%clk 0:02:17]}  Qxh3 {[%clk 0:02:45]} 17. Ke2 {[%clk 0:01:36]}  Nxg5 {[%clk 0:02:31]} 18. Nxg5 {[%clk 0:01:34]}  Qh5+ {[%clk 0:02:31]} 19. Kd2 {[%clk 0:01:31]}  e6 {[%clk 0:02:28]} 20. Ne2 {[%clk 0:01:29]}  Qg6 {[%clk 0:02:21]} 21. Rh1 {[%clk 0:01:24]}  Qxd3+ {[%clk 0:02:10]} 22. Kxd3 {[%clk 0:01:24]}  h6 {[%clk 0:02:08]} 23. Nf3 {[%clk 0:01:23]}  Kh7 {[%clk 0:02:07]} 24. Ng5+ {[%clk 0:01:22]}  Kg6 {[%clk 0:01:58]} 25. Nf3 {[%clk 0:01:21]}  Nb4+ {[%clk 0:01:56]} 26. Kc3 {[%clk 0:01:19]}  a5 {[%clk 0:01:52]} 27. a3 {[%clk 0:01:04]}  Rfc8+ {[%clk 0:01:51]} 28. Kb3 {[%clk 0:01:05]}  Nd3 {[%clk 0:01:51]} 29. Bg3 {[%clk 0:00:53]}  a4+ {[%clk 0:01:50]} 30. Ka2 {[%clk 0:00:51]}  Rc2 {[%clk 0:01:50]} 31. Nf4+ {[%clk 0:00:46]}  Nxf4 {[%clk 0:01:50]} 32. exf4 {[%clk 0:00:40]}  Ra6 {[%clk 0:01:43]} 33. Kb1 {[%clk 0:00:36]}  Re2 {[%clk 0:01:41]} 34. Ne5+ {[%clk 0:00:33]}  Bxe5 {[%clk 0:01:40]} 35. fxe5 {[%clk 0:00:30]}  Rb6 {[%clk 0:01:40]} 0-1

[Event "April 9 Early 2024"]
[Site "Chess.com"]
[Date "2024.04.10"]
[Round "6"]
[White "Reyes Zavaleta, Fabian Ricardo"]
[Black "Aaditya Dhingra"]
[Result "0-1"]
[Board "99"]
[WhiteFideId "3844153"]
[BlackFideId "25678191"]
[WhiteTitle "FM"]
[BlackTitle "IM"]
[WhiteElo "2676"]
[BlackElo "2525"]
[WhiteTeam "PER"]
[BlackTeam "IND"]
[WhiteClock "0:01:14"]
[BlackClock "0:01:28"]
[Variant "Standard"]

1. d4 {[%clk 0:02:58]}  d5 {[%clk 0:02:58]} 2. c4 {[%clk 0:02:58]}  e6 {[%clk 0:02:57]} 3. Nf3 {[%clk 0:02:57]}  Nf6 {[%clk 0:02:57]} 4. g3 {[%clk 0:02:58]}  Be7 {[%clk 0:02:51]} 5. Bg2 {[%clk 0:02:58]}  O-O {[%clk 0:02:51]} 6. O-O {[%clk 0:02:58]}  c6 {[%clk 0:02:51]} 7. Qc2 {[%clk 0:02:58]}  b6 {[%clk 0:02:50]} 8. Nbd2 {[%clk 0:02:57]}  Bb7 {[%clk 0:02:48]} 9. e4 {[%clk 0:02:57]}  Nbd7 {[%clk 0:02:49]} 10. e5 {[%clk 0:02:54]}  Ne8 {[%clk 0:02:48]} 11. cxd5 {[%clk 0:02:54]}  cxd5 {[%clk 0:02:46]} 12. Re1 {[%clk 0:02:54]}  Rc8 {[%clk 0:02:40]} 13. Qd1 {[%clk 0:02:54]}  Ba6 {[%clk 0:02:35]} 14. h4 {[%clk 0:02:49]}  Qc7 {[%clk 0:02:34]} 15. Nf1 {[%clk 0:02:49]}  Qc2 {[%clk 0:02:30]} 16. Ne3 {[%clk 0:02:46]}  Qxd1 {[%clk 0:02:30]} 17. Rxd1 {[%clk 0:02:46]}  Nc7 {[%clk 0:02:24]} 18. Bd2 {[%clk 0:02:44]}  Be2 {[%clk 0:02:21]} 19. Rdc1 {[%clk 0:02:41]}  Nb5 {[%clk 0:02:17]} 20. Bc3 {[%clk 0:02:30]}  Nxc3 {[%clk 0:02:12]} 21. Rxc3 {[%clk 0:02:31]}  Rxc3 {[%clk 0:02:06]} 22. bxc3 {[%clk 0:02:31]}  Rc8 {[%clk 0:02:06]} 23. Re1 {[%clk 0:01:54]}  Bxf3 {[%clk 0:02:02]} 24. Bxf3 {[%clk 0:01:55]}  Rxc3 {[%clk 0:02:02]} 25. Kf1 {[%clk 0:01:55]}  b5 {[%clk 0:01:54]} 26. Ke2 {[%clk 0:01:45]}  a5 {[%clk 0:01:53]} 27. Kd2 {[%clk 0:01:44]}  Bb4 {[%clk 0:01:49]} 28. Ke2 {[%clk 0:01:40]}  Nb6 {[%clk 0:01:42]} 29. Rb1 {[%clk 0:01:37]}  Ra3 {[%clk 0:01:37]} 30. Rb2 {[%clk 0:01:22]}  Na4 {[%clk 0:01:30]} 31. Rc2 {[%clk 0:01:14]}  Nc3+ {[%clk 0:01:28]} 32. Kf1 {[%clk 0:01:14]} 0-1

[Event "April 9 Early 2024"]
[Site "Chess.com"]
[Date "2024.04.09"]
[Round "6"]
[White "Brodowski, Piotr"]
[Black "Ganzhurov, Roman"]
[Result "0-1"]
[Board "102"]
[WhiteFideId "1124480"]
[BlackFideId "4179501"]
[WhiteTitle "IM"]
[BlackTitle "FM"]
[WhiteElo "2671"]
[BlackElo "2512"]
[WhiteTeam "POL"]
[BlackTeam "RUS"]
[WhiteClock "0:00:00"]
[BlackClock "0:00:06"]
[Variant "Standard"]

1. e4 {[%clk 0:03:00]}  c5 {[%clk 0:02:59]} 2. Nf3 {[%clk 0:02:59]}  d6 {[%clk 0:02:59]} 3. Bb5+ {[%clk 0:02:49]}  Nd7 {[%clk 0:02:59]} 4. O-O {[%clk 0:02:46]}  a6 {[%clk 0:02:59]} 5. Bd3 {[%clk 0:02:40]}  Ngf6 {[%clk 0:02:56]} 6. c3 {[%clk 0:02:38]}  b5 {[%clk 0:02:55]} 7. Re1 {[%clk 0:02:27]}  e6 {[%clk 0:02:48]} 8. a4 {[%clk 0:02:19]}  Bb7 {[%clk 0:02:40]} 9. Na3 {[%clk 0:01:56]}  bxa4 {[%clk 0:02:21]} 10. Qxa4 {[%clk 0:01:27]}  Be7 {[%clk 0:02:17]} 11. e5 {[%clk 0:01:26]}  dxe5 {[%clk 0:02:12]} 12. Nxe5 {[%clk 0:01:26]}  O-O {[%clk 0:02:06]} 13. Nc6 {[%clk 0:00:50]}  Bxc6 {[%clk 0:01:53]} 14. Qxc6 {[%clk 0:00:51]}  Ne5 {[%clk 0:01:53]} 15. Bxh7+ {[%clk 0:00:50]}  Nxh7 {[%clk 0:01:44]} 16. Rxe5 {[%clk 0:00:51]}  Nf6 {[%clk 0:01:40]} 17. Qf3 {[%clk 0:00:42]}  Bd6 {[%clk 0:01:04]} 18. Re1 {[%clk 0:00:40]}  Bc7 {[%clk 0:01:01]} 19. d3 {[%clk 0:00:36]}  Qd6 {[%clk 0:00:55]} 20. g3 {[%clk 0:00:30]}  Rfd8 {[%clk 0:00:54]} 21. Bf4 {[%clk 0:00:28]}  Qd7 {[%clk 0:00:54]} 22. Bxc7 {[%clk 0:00:25]}  Qxc7 {[%clk 0:00:54]} 23. Nc4 {[%clk 0:00:25]}  Nd5 {[%clk 0:00:50]} 24. Red1 {[%clk 0:00:16]}  Nb6 {[%clk 0:00:50]} 25. Ne3 {[%clk 0:00:10]}  a5 {[%clk 0:00:48]} 26. h4 {[%clk 0:00:08]}  a4 {[%clk 0:00:48]} 27. h5 {[%clk 0:00:07]}  Qe5 {[%clk 0:00:11]} 28. Ng4 {[%clk 0:00:05]}  Qg5 {[%clk 0:00:08]} 29. Kg2 {[%clk 0:00:04]}  Nd5 {[%clk 0:00:07]} 30. Rh1 {[%clk 0:00:04]}  Nf6 {[%clk 0:00:07]} 31. Nxf6+ {[%clk 0:00:04]}  Qxf6 {[%clk 0:00:08]} 32. Qxf6 {[%clk 0:00:04]}  gxf6 {[%clk 0:00:09]} 33. Rhd1 {[%clk 0:00:04]}  Kg7 {[%clk 0:00:08]} 34. Kf3 {[%clk 0:00:04]}  f5 {[%clk 0:00:09]} 35. Kf4 {[%clk 0:00:04]}  Kh6 {[%clk 0:00:09]} 36. f3 {[%clk 0:00:02]}  Kxh5 {[%clk 0:00:09]} 37. Ke5 {[%clk 0:00:03]}  Kg6 {[%clk 0:00:10]} 38. d4 {[%clk 0:00:02]}  Rd5+ {[%clk 0:00:08]} 39. Kf4 {[%clk 0:00:02]}  cxd4 {[%clk 0:00:08]} 40. Rxd4 {[%clk 0:00:00]}  e5+ {[%clk 0:00:06]} 0-1